000 01253nam a22003372a 4500
001 0619
003 CUTN
005 20131024113002.0
008 500101s1984 enka 000 0 eng d
010 _aGB85-16781
020 _a9780195608007
035 _aOCLC ocm13361446 from D950808M
040 _aDLC
_cDLC
_dGZM
_dUKM
_dEQO
041 1 _aengenm
_henm
050 0 _aPR1868.P82
_bC64 1984
082 _a821/.1
_219
092 _aD0502850031
100 1 _aChaucer, Geoffrey,
_d-1400.
_zCHA
240 1 0 _aCanterbury tales.
_pPrologue
245 1 4 _aThe prologue to the Canterbury tales /
_cby Geoffrey Chaucer in the original text from Caxton's first edition ; with a translation into modern English by Nevill Coghill
260 _aSalisbury :
_bPerdix Press,
_c1984
300 _a80 p. :
_bill. ;
_c27 cm
500 _aLimited edition of 200 copies
650 0 _aChristian pilgrims and pilgrimages
_zEngland
_zCanterbury
_xPoetry
650 0 _aEnglish poetry
_yMiddle English, 1100-1500
_vModernized versions
700 1 _aCaxton, William,
_dapproximately 1422-1491 or 1492.
_tPrologues and epilogues.
700 1 _aCoghill, Nevill,
_d1899-1980.
942 _2ddc
_cBOOKS
_01
999 _c3297
_d3297